000 00938nam a22002297a 4500
003 OSt
005 20250408082807.0
008 240911b ||||| |||| 00| 0 eng d
040 _c0
082 _aDPer 621.317 Ie21 December 2022 v.37 n. 12 part 1&2.
100 _aEwald, Thomas.
_eauthor.
_960728
245 _aAnalytical winding loss and inductance models for gapped inductors with litz or solid wires /
_cThomas Ewald and Jurgen Biela.
260 _aNew York ;
_bThe Institute of Electrical and Electronics Engineers, Inc.,
_cDecember 2022.
300 _avolume 37, pages 15127-15139,
_billustration.
500 _aIEEE Transactions on Power Electronics, v. 37 n. 12, pages 15127-15139, December 2022.
650 0 _aFringing field.
_966209
650 0 _aInductance.
_966210
650 0 _amagnetic components.
_966211
700 _aEwald, Thomas.
_eauthor.
_960728
700 _aBiela, Jurgen.
_eauthor.
_960729
942 _2ddc
_cPER
999 _c21512
_d21512